00317nam a22001097a 450000500170000002000230001703500120004010000230005224500650007526000440014030000230018420120206140837.0 a8120317955c495.00 aB-41341 aHalvorson, Michael aLearn Microsoft visual basic 6.0 now /cby Michael Halvorson aNew DelhibPrentice-Hall of Indiac2001 axi, 536p.c22 cms.